000 00336nam a2200133Ia 4500
008 191201s2008 xx 000 0 und d
082 _a621.38456
_bLEM
100 _aLEE, William C Y
245 0 _aMobile Cellular Telecommunications
260 _aN.Delhi
_bMcGraw Hill
_c2008
300 _a664
650 _aB.Tech(ECE)
942 _2ddc
_cBK
999 _c5587
_d5587